Шанс за оцеляване... нула (Запис номер 5696)
[ съкратено ]
| 000 -Лидер | |
|---|---|
| Контролно поле с фиксирана дължина | 01382nam a2200349 c 4500 |
| 003 - Код на организацията, давaща контролен номер | |
| Контролно поле | BLK |
| 005 - Дата и час на последна редакция | |
| Контролно поле | 20180420214011.0 |
| 008 - Елементи от данни с фиксирана дължина | |
| fixed length control field | 180412b bul|||||r ||||||| ||bul|| |
| 010 ## - Наследен системен номер | |
| LC control number | KNG00006896000 |
| 040 ## - Източник на каталожния запис | |
| Идентификатор на билиотеката - собственик на записа | BLK |
| 041 ## - Код за език | |
| Код за езика на текст/звукозапис или на отделно заглавие | Български |
| Код за езика КДБФ | Български |
| 080 ## - УДК | |
| Текстов определител УДК | Американска литература (на САЩ) |
| УДК код - определител по УДК | 821.111(73) |
| УДК определител | -312.4 |
| УДК - код + определител | 821.111(73)-312.4 |
| 100 1# - Редна дума - Автор | |
| Автор | Спилейн, Мики |
| Авторска отговорност | първи автор |
| Автор - информация (биография) | Морис, Франк |
| R(LIN) | 122690 |
| 139 ## - Редно поле | |
| Редна дума | Спилейн, Мики |
| Авторски знак | Спи - С 57 |
| 245 10 - Сведения за заглавието | |
| Заглавие | Шанс за оцеляване... нула |
| Подзаглавни данни | Кримин. роман |
| Редно поле (дума) | Мики Спилейн; прев. Красимира Попова; прев. Марин Славков; Франк Морис. |
| 246 11 - Различни форми на заглавието | |
| Паралелно заглавие | Survival... Zero |
| 257 ## - Страна на издаване | |
| Страна на създаване/издаване | Съединени американски щати |
| 260 ## - Област на издателските данни | |
| -- | София |
| Име на издателя, разпространителя и проч. | Реал |
| Година на издаване | 1995 |
| 300 ## - Физическа характеристика | |
| Страници | 208 с. |
| Размери/Мащаб | 20 см |
| 380 ## - Жанр | |
| Жанр | Худож. лит. |
| 500 ## - Общи забележки | |
| Забележка | Ориг. загл. Survival... zero / Mickey Spillane ; Мики Спилейн - псевд. на Франк Морис. - 10 000 тир. |
| 653 ## - Ключова дума – ненормативна | |
| Ключова дума | романи |
| 653 ## - Ключова дума – ненормативна | |
| Ключова дума | крими |
| 700 1# - Други автори (авторска отговорност) | |
| Лично име | Попова, Красимира |
| Автороска отговорност (Описва отношението между автора и произведението) | прев. |
| 9 (RLIN) | 250441 |
| 700 1# - Други автори (авторска отговорност) | |
| Лично име | Славков, Марин |
| Автороска отговорност (Описва отношението между автора и произведението) | прев. |
| 9 (RLIN) | 250442 |
| 700 1# - Други автори (авторска отговорност) | |
| Лично име | Морис, Франк |
| 9 (RLIN) | 241676 |
| 852 ## - Местоположение | |
| Форматна сигнатура | Цб 182171 |
| 856 4# - Електронен адрес и достъп | |
| Електронен формат | pdf - файл |
| Път до файла /url/ | |
| 856 4# - Електронен адрес и достъп | |
| Електронен формат | pdf - файл |
| Път до файла /url/ | |
| 942 ## - АРТИКУЛИ | |
| Вид на библиотечния материал | Книги |
| Скрит в OPAC | Не |
| 944 ## - СЪЗДАВАНЕ И РЕДАКЦИЯ на ЗАПИСА | |
| Създаване/Редакция | Създаване |
| Дата на регистрацията/редакция | 15.01.2003 |
| Служител, извършил регистрацията/редакцията | Геновева_Генчева |
| 944 ## - СЪЗДАВАНЕ И РЕДАКЦИЯ на ЗАПИСА | |
| Създаване/Редакция | Редакция |
| Дата на регистрацията/редакция | 17.05.2005 |
| Служител, извършил регистрацията/редакцията | |
| 999 ## - СИСТЕМНИ КОНТРОЛНИ НОМЕРА | |
| Koha biblionumber | 5696 |
| Koha biblioitemnumber | 5696 |
| Код за отписване | Код за изгубен артикул | Източник на класификационната схема | Код за повреда | Коз за рестрикции | Код за отдаване | Артикулен № | Име на библиотеката - собственик | Име на библиотеката, в която се намира в момента | Статус (Текущо местоположение) | Дата на вписване в системата | Местоположение - отдел | Цена в лева | Инвентарен номер | Систематично азбучна сигнатура | Баркод | Номер на екземпляра | Цена в евро | Служебна бележка | Служебен тип на артикула |
|---|---|---|---|---|---|---|---|---|---|---|---|---|---|---|---|---|---|---|---|
| Изтеглен | Не е изгубен | Universal Decimal Classification | Не е повреден | без рестрикции | заемане за дома | 10066 | Регионална библиотека "Любен Каравелов" Русе | Регионална библиотека "Любен Каравелов" Русе | Заемна - подръчен фонд | 2001-01-01 | Заемна - подръчен фонд | 0.60 | 611390 | П 820(73)-31/С 57 | 611390 | 1 | 0.31 | Дост: Pk Вид: Ф N: стар фонд Дата: 01.01.1995 | Книги |
| Изтеглен | Не е изгубен | Universal Decimal Classification | Не е повреден | без рестрикции | заемане за дома | 10067 | Регионална библиотека "Любен Каравелов" Русе | Регионална библиотека "Любен Каравелов" Русе | Заемна - подръчен фонд | 2001-01-01 | Заемна - подръчен фонд | 0.60 | 611391 | П 820(73)-31/ 57 | 611391 | 2 | 0.31 | Дост: Pk Вид: Ф N: стар фонд Дата: 01.01.1995 | Книги |
| Не е изгубен | Universal Decimal Classification | Не е повреден | без рестрикции | ползва се в читалня | 10068 | Регионална библиотека "Любен Каравелов" Русе | Регионална библиотека "Любен Каравелов" Русе | Хранилище | 1995-01-01 | Хранилище | 0.61 | 611936 | Цб 182171 | 120000611936 | 3 | 0.31 | Дост: Dp Вид: Д N: стар фонд Дата: 01.01.1995 Дата инв: 08.12.2014 Бележки инв: Цб2014 | Книги |